Arma mortal 1

Martin Riggs es un policía de Los Ángeles con tendencias suicidas. Su compañero Roger Murtaugh es un veterano y responsable policía y padre de familia. Juntos intentan frustrar una operación de contrabando de droga. Al mismo tiempo, a pesar de sus diferentes caracteres, se harán buenos amigos.

Guardado en:
Autor Principal: Donner, Richard.
Autor Corporativo: Silver Pictures.
Otros Autores: Gibson, Mel; Reparto., Glover, Danny; Reparto.
Formato: Deslizar
Idioma:Undetermined
Publicado: Estados Unidos : Warner Bros. Pictures, 1987.
Materias:
Etiquetas: Agregar Etiqueta
Sin Etiquetas, Sea el primero en etiquetar este registro!
LEADER 01131ngm a22002295a 4500
001 CEM.cems020941
008 240318s1987####xx#---############vlund#d
005 20240318155830.0
245 1 0 |a Arma mortal 1  |h [videograbación] /  |c Richard Donner. 
260 |a Estados Unidos :  |b Warner Bros. Pictures,  |c 1987. 
300 |a 112'. 
520 |a Martin Riggs es un policía de Los Ángeles con tendencias suicidas. Su compañero Roger Murtaugh es un veterano y responsable policía y padre de familia. Juntos intentan frustrar una operación de contrabando de droga. Al mismo tiempo, a pesar de sus diferentes caracteres, se harán buenos amigos. 
538 |a Soporte: CD -- Formato: AVI – Peso: 701mb -- Resolución: 608 x 332 -- 25 fps 
500 |a Título original: Lethal Weapon – Idioma: Inglés – Subtítulos: Español. 
590 |a Identificación anterior: 372 
100 1 |a Donner, Richard. 
700 1 |a Gibson, Mel; Reparto. 
700 1 |a Glover, Danny; Reparto. 
710 2 |a Silver Pictures. 
653 |a LARGOMETRAJE 
653 |a FICCIÓN 
859 |a CEMS  |b BIB. CEMS - Depto. Recursos Didacticos  |h 778.5  |i DON  |k DRD  |p 3309.24  |t Ej.1